| 000 | 01020cam a2200289 a 4500 | ||
|---|---|---|---|
| 001 | 4501162 | ||
| 003 | GBCCL | ||
| 005 | 20241126110407.0 | ||
| 008 | 991222s1997 enkab b 001 0 eng d | ||
| 020 | _a1854243721 | ||
| 035 | _a(OCoLC)ocn686254603 | ||
| 035 | _a4501162 | ||
| 040 |
_aVRD _cVRD _dOCL _dNIC |
||
| 043 | _aa-cb--- | ||
| 050 | 4 |
_aBR1185 _b.C67 1997 |
|
| 082 | 0 | 4 |
_a275.96 _bCOR |
| 100 | 1 |
_aCormack, Don. _93449 |
|
| 245 | 1 | 0 |
_aKilling fields, living fields : _ban unfinished portrait of the Cambodian church, the church that would not die / _cDon Cormack ; [foreword by Peter Lewis]. |
| 260 |
_a[Sevenoaks, Kent, UK] : _bOMF International ; _aCrowborough : _bMARC, _c1997. |
||
| 300 |
_a463 p. : _bill., map ; _c20 cm. |
||
| 504 | _aIncludes bibliographical references and index. | ||
| 650 | 0 |
_aChristianity _zCambodia. _93450 |
|
| 651 | 0 |
_aCambodia _xChurch history. _93451 |
|
| 651 | 0 |
_aCambodia _xHistory _yCivil War, 1970-1975. _93452 |
|
| 651 | 0 |
_aCambodia _xHistory _y1975-1979. _93453 |
|
| 942 |
_2ddc _cBK |
||
| 999 |
_c1682 _d1682 |
||